The Incredible Japanese

Đã lưu trong:
書目詳細資料
主要作者: Parkinson, C. Nothcote
格式: 圖書
語言:Undetermined
出版: Singapore Fedral Publications 1984
主題:
標簽: 添加標簽
沒有標簽, 成為第一個標記此記錄!
Thư viện lưu trữ: Trung tâm Học liệu Trường Đại học Cần Thơ
LEADER 00528nam a2200193Ia 4500
001 CTU_98295
008 210402s9999 xx 000 0 und d
082 |a 306.52 
082 |b P273 
100 |a Parkinson, C. Nothcote 
245 4 |a The Incredible Japanese 
245 0 |c C. Nothcote Parkinson, M. K. Rustomji, S. A. Sapre 
260 |a Singapore 
260 |b Fedral Publications 
260 |c 1984 
650 |a Culture 
650 |z Japan 
904 |i Hiếu 
980 |a Trung tâm Học liệu Trường Đại học Cần Thơ